Современное состояние математического моделирования процессов переноса тепла, массы и импульса в задачах нефтегазовой отрасли; Проблемы геологии и освоения недр; Т. 2

Bibliographische Detailangaben
Parent link:Проблемы геологии и освоения недр: труды XXIII Международного симпозиума имени академика М. А. Усова студентов и молодых ученых, посвященного 120-летию со дня рождения академика К. И. Сатпаева, 120-летию со дня рождения профессора К. В. Радугина, Томск, 8-12 апреля 2019 г./ Национальный исследовательский Томский политехнический университет, Инженерная школа природных ресурсов ; гл. ред. А. С. Боев ; под ред. Е. Ю. Пасечник.— , 2019
Т. 2.— 2019.— [С. 570-572]
1. Verfasser: Харламов С. Н. Сергей Николаевич
Körperschaft: Национальный исследовательский Томский политехнический университет Инженерная школа природных ресурсов Отделение нефтегазового дела
Weitere Verfasser: Kireitseu M.
Zusammenfassung:Заглавие с экрана
Sprache:Russisch
Veröffentlicht: 2019
Schriftenreihe:Современные техника и технологии транспортировки и хранения нефти и газа. Направление "Современные машины и оборудование транспортировки нефти и газа"
Методы математического моделирования процессов транспорта и хранения углеводородного сырья
Schlagworte:
Online-Zugang:http://earchive.tpu.ru/handle/11683/56350
Format: Elektronisch Buchkapitel
KOHA link:https://koha.lib.tpu.ru/cgi-bin/koha/opac-detail.pl?biblionumber=630153

MARC

LEADER 00000naa2a2200000 4500
001 630153
005 20231216144833.0
035 |a (RuTPU)RU\TPU\conf\31055 
035 |a RU\TPU\conf\31054 
090 |a 630153 
100 |a 20191016d2019 k y0rusy50 ca 
101 0 |a rus 
102 |a RU 
105 |a y z 100zy 
135 |a drcn ---uucaa 
181 0 |a i  
182 0 |a b 
200 1 |a Современное состояние математического моделирования процессов переноса тепла, массы и импульса в задачах нефтегазовой отрасли  |f С. Н. Харламов, M. Kireitseu 
203 |a Текст  |c электронный 
225 1 |a Современные техника и технологии транспортировки и хранения нефти и газа. Направление "Современные машины и оборудование транспортировки нефти и газа" 
225 1 |a Методы математического моделирования процессов транспорта и хранения углеводородного сырья 
300 |a Заглавие с экрана 
320 |a [Библиогр.: с. 572 (3 назв.)] 
461 1 |0 (RuTPU)RU\TPU\conf\30471  |t Проблемы геологии и освоения недр  |o труды XXIII Международного симпозиума имени академика М. А. Усова студентов и молодых ученых, посвященного 120-летию со дня рождения академика К. И. Сатпаева, 120-летию со дня рождения профессора К. В. Радугина, Томск, 8-12 апреля 2019 г.  |o в 2 т.  |f Национальный исследовательский Томский политехнический университет, Инженерная школа природных ресурсов ; гл. ред. А. С. Боев ; под ред. Е. Ю. Пасечник  |d 2019 
463 1 |0 (RuTPU)RU\TPU\conf\30475  |t Т. 2  |v [С. 570-572]  |d 2019 
610 1 |a труды учёных ТПУ 
610 1 |a электронный ресурс 
610 1 |a современное состояние 
610 1 |a математическое моделирование 
610 1 |a перенос тепла 
610 1 |a масса 
610 1 |a импульсы 
610 1 |a нефтегазовая отрасль 
610 1 |a сравнительный анализ 
610 1 |a углеводородные среды 
700 1 |a Харламов  |b С. Н.  |c специалист в области транспорта и хранения нефти  |c профессор Томского политехнического университета  |f 1957-  |g Сергей Николаевич  |3 (RuTPU)RU\TPU\pers\26140  |9 11969 
701 1 |a Kireitseu  |b M. 
712 0 2 |a Национальный исследовательский Томский политехнический университет  |b Инженерная школа природных ресурсов  |b Отделение нефтегазового дела  |3 (RuTPU)RU\TPU\col\23546 
801 2 |a RU  |b 63413507  |c 20191024  |g RCR 
856 4 |u http://earchive.tpu.ru/handle/11683/56350 
942 |c BK